Vincent Van Gogh: la novela de un buscador de Dios
Guardat en:
| Autor principal: | |
|---|---|
| Format: | Llibre |
| Idioma: | espanyol |
| Publicat: |
Buenos Aires
Poseidón
1945
|
| Edició: | 1a. ed |
| Matèries: | |
| Etiquetes: |
Afegir etiqueta
Sense etiquetes, Sigues el primer a etiquetar aquest registre!
|
MARC
| LEADER | 00000cam a2200000 a 4500 | ||
|---|---|---|---|
| 001 | UCD0193 | ||
| 003 | CL-VaPUC | ||
| 008 | 151120e19450000ag |||||||||||||||||spa|d | ||
| 082 | 0 | 4 | |a 759.9492 |b MEI |2 21 |
| 100 | |a Meier-Graefe, Julius |e autor |9 583222 | ||
| 245 | 1 | 0 | |a Vincent Van Gogh: la novela de un buscador de Dios |
| 250 | |a 1a. ed | ||
| 300 | |a 441 p | ||
| 942 | |c BK | ||
| 945 | |d 20151120 13:39:00 |a dcastane | ||
| 260 | |a Buenos Aires |b Poseidón |c 1945 | ||
| 600 | 0 | 7 | |a GOGH, VINCENT VAN |2 CL-VaPUC |9 266905 |
| 650 | 7 | |a PINTORES HOLANDESES |2 CL-VaPUC |9 583223 | |
| 650 | 0 | |a Pintura holandesa |9 267860 | |
| 583 | |a last modification |c 20151120 13:39:00 |k Rodrigo Vera | ||
| 999 | |c 361808 |d 361806 | ||
| 952 | |0 0 |1 0 |3 erd |4 0 |6 759_949200000000000_MEI_1945 |7 0 |8 A |9 472492 |a BIBART |b BIBART |i 5250951 |o 759.9492 MEI 1945 |p 5250951 |r 2025-03-13 |w 2019-11-24 |y BK |z Catalogado en:20151120 |k ART | ||